| 000 | 00633nam a2200241Ia 4500 | ||
|---|---|---|---|
| 005 | 20260121113107.0 | ||
| 008 | 11256 260114s9999 xx 000 0 eng d | ||
| 020 | _a9789812796028 | ||
| 037 | _aEBOOK | ||
| 040 |
_aCRL _beng _cCRL |
||
| 041 |
_aeng _2eng |
||
| 084 | _qCRL | ||
| 100 |
_aWood Ian R Et Al _9968134 |
||
| 245 | 0 | _aOcean Disposal of Wastewater | |
| 260 | _bWorld Scientific | ||
| 260 | _bWSPC | ||
| 260 | _c1993 | ||
| 650 |
_aEnvironmental Science _9968135 |
||
| 856 | _uhttps://www.worldscientific.com/worldscibooks/10.1142/1649#t=toc | ||
| 942 | _cEBOOK | ||
| 999 |
_c1548556 _d1548556 |
||